[Event "Canadian op"]
[Site "Calgary"]
[Date "2023.07.23"]
[Round "3"]
[White "Zhao, Erin"]
[Black "Moses, Neil"]
[Result "1/2-1/2"]
[WhiteElo "1557"]
[BlackElo "1747"]
[PlyCount "106"]
[EventDate "2023.07.22"]
[EventType "swiss"]
[EventRounds "10"]
[EventCountry "CAN"]
[SourceTitle "EXT 2024"]
[Source "ChessBase"]
[SourceDate "2023.10.10"]
[SourceVersion "1"]
[SourceVersionDate "2023.10.10"]
[SourceQuality "1"]

1. e4 c5 2. Nf3 Nc6 3. d4 cxd4 4. Nxd4 Nf6 5. Nc3 e5 6. Ndb5 d6 7. Bg5 a6 8. Na3 b5 9. Nd5 Be7 10. Bxf6 Bxf6 11. c3 Bg5 12. Nc2 Rb8 13. Be2 0-0 14. 0-0 f5 15. f3 Be6 16. Qd3 Qd7 17. Rad1 Rbd8 18. c4 bxc4 19. Qxc4 a5 20. Qc3 Qb7 21. Bc4 Kh8 22. b3 f4 23. Rd3 Rc8 24. Rfd1 a4 25. Qe1 axb3 26. Bxb3 Bd8 27. Ndb4 Bxb3 28. Rxb3 Na5 29. Rbb1 Nc4 30. Kh1 Qa7 31. Qe2 Rf7 32. Rd3 Bb6 33. Rdb3 Be3 34. Nc6 Qa4 35. Rb4 Qxc6 36. Qxc4 Qxc4 37. Rxc4 Rff8 38. Nxe3 fxe3 39. Rcb4 Kg8 40. R4b3 Rc2 41. Rxe3 Rxa2 42. Reb3 Rc8 43. Rb8 Rxb8 44. Rxb8+ Kf7 45. Kg1 Kf6 46. Rb7 h5 47. h3 g6 48. h4 Rd2 49. Rd7 Ke6 50. Rg7 Kf6 51. Rd7 Ke6 52. Rg7 Kf6 53. Rd7 Ke6 1/2-1/2